[Event "Paris-ch op-A"]
[Site "Paris"]
[Date "2010.07.11"]
[Round "9"]
[White "Aflalo, Sophie"]
[Black "Matrand, Arnaud"]
[Result "1-0"]
[WhiteElo "2008"]
[BlackElo "2130"]
[PlyCount "79"]
[EventDate "2010.07.03"]
[EventType "swiss"]
[EventRounds "9"]
[EventCountry "FRA"]
[SourceTitle "CBM 137 Extra"]
[Source "ChessBase"]
[SourceDate "2010.09.01"]
[SourceVersion "1"]
[SourceVersionDate "2010.09.01"]
[SourceQuality "1"]

1. e4 c5 2. Nf3 e6 3. d4 cxd4 4. Nxd4 Nc6 5. Nc3 Qc7 6. g3 a6 7. Bg2 Nf6 8. 0-0 Be7 9. Kh1 0-0 10. f4 d6 11. Nb3 b5 12. a3 Bb7 13. g4 Na5 14. Nxa5 Qxa5 15. g5 Nd7 16. b4 Qc7 17. Bb2 Nb6 18. Qh5 Nc4 19. Bc1 Ne3 20. Bxe3 Qxc3 21. Rae1 g6 22. Qh3 Rfe8 23. Rd1 Qxc2 24. Rc1 Qd3 25. Rcd1 Qxa3 26. Rfe1 Bf8 27. Qh4 Bg7 28. Bd4 Qxb4 29. Bf6 Bxf6 30. gxf6 d5 31. Re3 Qf8 32. Rh3 h6 33. f5 exf5 34. exf5 Kh7 35. Bf3 Re5 36. fxg6+ fxg6 37. Qf4 Rae8 38. f7 R8e7 39. Rxh6+ Kg7 40. Rxg6+ 1-0

[Event "Paris-ch op-A"]
[Site "Paris"]
[Date "2010.07.06"]
[Round "4"]
[White "Matrand, Arnaud"]
[Black "Msellek, Ilyass"]
[Result "0-1"]
[WhiteElo "2130"]
[BlackElo "2010"]
[PlyCount "132"]
[EventDate "2010.07.03"]
[EventType "swiss"]
[EventRounds "9"]
[EventCountry "FRA"]
[SourceTitle "CBM 137 Extra"]
[Source "ChessBase"]
[SourceDate "2010.09.01"]
[SourceVersion "1"]
[SourceVersionDate "2010.09.01"]
[SourceQuality "1"]

1. d4 Nf6 2. Nf3 g6 3. g3 Bg7 4. Bg2 0-0 5. 0-0 d6 6. c4 c6 7. Nc3 a6 8. e4 Nfd7 9. d5 b5 10. dxc6 Nxc6 11. cxb5 axb5 12. Re1 b4 13. Nd5 Nc5 14. Bf1 Bg4 15. h3 Bxf3 16. Qxf3 Nd4 17. Qd1 b3 18. Bg5 Re8 19. a3 Nce6 20. Be2 Nc2 21. Bb5 Qa5 22. Bxe8 Rxe8 23. Bd2 Qa7 24. Bc3 Ned4 25. Rc1 Nxe1 26. Bxe1 e6 27. Nb4 Qb7 28. Qd3 f5 29. f3 fxe4 30. fxe4 Rf8 31. Bf2 Rf3 32. Qb1 Rxf2 33. Kxf2 Qf7+ 34. Ke1 Qf3 35. Qd3 Qh1+ 36. Qf1 Qxe4+ 37. Kd1 Nf5 38. Qe2 Qd4+ 39. Nd3 Ne3+ 40. Ke1 Nc2+ 41. Kf1 e5 42. Nb4 Ne3+ 43. Kg1 h5 44. Qf2 d5 45. Re1 Bh6 46. Nc6 Qe4 47. Nd8 Qf5 48. Qxf5 gxf5 49. Nc6 e4 50. Kf2 Nc4 51. Ne7+ Kf7 52. Nxf5 Bf8 53. Rb1 Kf6 54. g4 hxg4 55. hxg4 d4 56. Rc1 Nxb2 57. Rc8 Bxa3 58. Nxd4 Nd3+ 59. Ke3 b2 60. Rc6+ Ke7 61. Rc7+ Kd8 62. Ne6+ Ke8 63. Ng7+ Kf8 64. Ne6+ Kg8 65. Rc8+ Kf7 66. Ng5+ Kg7 0-1

[Event "FRA-chT2 0304"]
[Site "France"]
[Date "2004.01.18"]
[Round "6"]
[White "Matrand, Arnaud"]
[Black "Leruste, Georges"]
[Result "1/2-1/2"]
[WhiteElo "2140"]
[BlackElo "2126"]
[PlyCount "86"]
[EventDate "2003.10.??"]
[EventType "team"]
[EventRounds "11"]
[EventCountry "FRA"]
[SourceTitle "EXT 2005"]
[Source "ChessBase"]
[SourceDate "2004.11.15"]
[SourceVersion "1"]
[SourceVersionDate "2004.11.15"]
[SourceQuality "1"]

1. c4 c6 2. Nf3 d5 3. d4 Nf6 4. Nc3 a6 5. e3 b5 6. b3 Bg4 7. Be2 e6 8. 0-0 Nbd7 9. Bb2 Bd6 10. Rc1 bxc4 11. bxc4 Bxf3 12. Bxf3 Bxh2+ 13. Kxh2 Qb8+ 14. Kg1 Qxb2 15. e4 dxe4 16. Nxe4 Nxe4 17. Bxe4 Rc8 18. Rb1 Qxa2 19. Qd3 Qa5 20. Ra1 Qb6 21. Rfb1 Qa7 22. c5 a5 23. Qc3 Nf6 24. Bf3 0-0 25. Rxa5 Qd7 26. Qa1 h6 27. g3 Rfd8 28. Ra7 Rc7 29. Rxc7 Qxc7 30. Rb6 Nd5 31. Bxd5 exd5 32. Qb1 Qd7 33. Rb8 Rxb8 34. Qxb8+ Kh7 35. Qd6 Qe6 36. Kg2 g6 37. Kg1 Kg7 38. Qc7 Qe1+ 39. Kg2 Qe4+ 40. Kg1 Qe6 41. Kh2 h5 42. Kg2 Qe4+ 43. Kg1 Qe1+ 1/2-1/2

[Event "FRA-chT2W 0203"]
[Site "France"]
[Date "2003.03.16"]
[Round "9"]
[White "Abello, Sebastien"]
[Black "Matrand, Arnaud"]
[Result "1/2-1/2"]
[WhiteElo "2229"]
[BlackElo "2113"]
[PlyCount "66"]
[EventDate "2002.10.??"]
[EventType "team"]
[EventRounds "11"]
[EventCountry "FRA"]
[SourceTitle "EXT 2004"]
[Source "ChessBase"]
[SourceDate "2003.11.25"]
[SourceVersion "1"]
[SourceVersionDate "2003.11.25"]
[SourceQuality "1"]
[WhiteTeam "Brest"]
[BlackTeam "Le Chesnay"]
[WhiteTeamCountry "FRA"]
[BlackTeamCountry "FRA"]

1. e4 c6 2. d4 d5 3. e5 Bf5 4. Nc3 e6 5. g4 Bg6 6. Nge2 c5 7. h4 h6 8. Be3 Nc6 9. dxc5 Nxe5 10. Nf4 Bh7 11. Bb5+ Nc6 12. Qe2 Nge7 13. Bd4 Qa5 14. 0-0-0 0-0-0 15. a3 Qc7 16. Qf3 e5 17. Bxc6 bxc6 18. Nfe2 exd4 19. Nxd4 Ng6 20. b4 Ne5 21. Qe2 Nc4 22. Rhe1 Bxc5 23. bxc5 Qa5 24. Nb1 Qxc5 25. Qe7 Qb6 26. Qb4 c5 27. Qxb6 axb6 28. Nc6 Rde8 29. Ne7+ Kc7 30. Nxd5+ Kc6 31. Ne7+ Kc7 32. Nd5+ Kc6 33. Ne7+ Kc7 1/2-1/2

[Event "FRA-chT2W 0203"]
[Site "France"]
[Date "2003.02.02"]
[Round "7"]
[White "Matrand, Arnaud"]
[Black "Perrin, Marc"]
[Result "1-0"]
[WhiteElo "2113"]
[BlackElo "2058"]
[PlyCount "85"]
[EventDate "2002.10.??"]
[EventType "team"]
[EventRounds "11"]
[EventCountry "FRA"]
[SourceTitle "EXT 2004"]
[Source "ChessBase"]
[SourceDate "2003.11.25"]
[SourceVersion "1"]
[SourceVersionDate "2003.11.25"]
[SourceQuality "1"]
[WhiteTeam "Le Chesnay"]
[BlackTeam "Evry II"]
[WhiteTeamCountry "FRA"]
[BlackTeamCountry "FRA"]

1. Nf3 Nc6 2. d4 d5 3. c4 Bg4 4. Nc3 Nf6 5. cxd5 Nxd5 6. e4 Bxf3 7. gxf3 Nxc3 8. bxc3 a6 9. d5 Ne5 10. Be2 g6 11. Be3 Bg7 12. Bd4 0-0 13. f4 Nd7 14. Bxg7 Kxg7 15. Qd4+ Nf6 16. Bf3 e6 17. Rd1 exd5 18. e5 Qe7 19. 0-0 Ne4 20. c4 c6 21. cxd5 cxd5 22. Qxd5 Nc3 23. Qd6 Rfe8 24. Qxe7 Rxe7 25. Rd3 Rc8 26. a3 Rc4 27. Kg2 Nb5 28. Rfd1 Rxf4 29. Rd7 Rxe5 30. Bxb7 Rg5+ 31. Kf1 Rgf5 32. Bxa6 Rxf2+ 33. Kg1 Nxa3 34. Bd3 R5f4 35. Ra1 Rd2 36. Rxa3 Rff2 37. Raa7 h5 38. Be4 Rxh2 39. Rxf7+ Kh6 40. Ra6 Kg5 41. Rxg6+ Kh4 42. Rf4+ Kh3 43. Bf5# 1-0

[Event "FRA-chT 9900"]
[Site "France"]
[Date "2000.03.31"]
[Round "5.8"]
[White "Roos, Jean Luc"]
[Black "Matrand, Arnaud"]
[Result "0-1"]
[WhiteElo "2305"]
[BlackElo "2089"]
[PlyCount "58"]
[EventDate "1999.02.04"]
[EventType "team"]
[EventRounds "11"]
[EventCountry "FRA"]
[SourceTitle "EXT 2001"]
[Source "ChessBase"]
[SourceDate "2000.11.22"]
[SourceVersion "1"]
[SourceVersionDate "2000.11.22"]
[SourceQuality "1"]

1. e4 c6 2. d4 d5 3. Nd2 dxe4 4. Nxe4 Nd7 5. Nf3 Ngf6 6. Nxf6+ Nxf6 7. Ne5 Bf5 8. c3 e6 9. g4 Bg6 10. h4 Bd6 11. Qe2 Qc7 12. h5 Be4 13. Rh3 h6 14. f4 Bh7 15. g5 Nd5 16. c4 Ne7 17. gxh6 gxh6 18. Bd2 Nf5 19. Bc3 0-0-0 20. 0-0-0 Rhg8 21. Qf2 f6 22. Nd3 Rgf8 23. c5 Be7 24. Be2 Rd7 25. b4 Rfd8 26. Nb2 e5 27. fxe5 fxe5 28. dxe5 Bg5+ 29. Kc2 Nd4# 0-1

[Event "FRA-chT 9900"]
[Site "France"]
[Date "2000.03.30"]
[Round "4.6"]
[White "Matrand, Arnaud"]
[Black "Chabanon, Jean Luc"]
[Result "0-1"]
[WhiteElo "2089"]
[BlackElo "2440"]
[PlyCount "82"]
[EventDate "1999.02.04"]
[EventType "team"]
[EventRounds "11"]
[EventCountry "FRA"]
[SourceTitle "EXT 2001"]
[Source "ChessBase"]
[SourceDate "2000.11.22"]
[SourceVersion "1"]
[SourceVersionDate "2000.11.22"]
[SourceQuality "1"]

1. d4 Nf6 2. Nf3 g6 3. g3 Bg7 4. Bg2 0-0 5. 0-0 c5 6. c4 Na6 7. Nc3 d6 8. e4 Bg4 9. d5 e5 10. h3 Bd7 11. Be3 Ne8 12. Qd2 f6 13. a3 Rf7 14. Rab1 Rc8 15. Nb5 Nac7 16. Nxa7 Ra8 17. b4 Rxa7 18. bxc5 dxc5 19. Bxc5 Ra4 20. Rfc1 Na6 21. Be3 Bc8 22. Qc3 Qa5 23. Bb6 Qxc3 24. Rxc3 Nd6 25. Nd2 Bh6 26. f4 exf4 27. c5 Ne8 28. g4 Nb8 29. Rb4 Rxb4 30. axb4 Nd7 31. Bd8 Ne5 32. Nb3 Rd7 33. Bb6 f5 34. gxf5 gxf5 35. Nd4 fxe4 36. Bxe4 Nf6 37. Bf5 Rg7+ 38. Kf2 Bxf5 39. Nxf5 Ne4+ 40. Ke1 Nxc3 41. Nxg7 Bxg7 0-1

[Event "Paris op"]
[Site "Paris"]
[Date "1998.??.??"]
[Round "1"]
[White "Philippe, Christophe"]
[Black "Matrand, Arnaud"]
[Result "1-0"]
[WhiteElo "2290"]
[BlackElo "2115"]
[PlyCount "83"]
[EventDate "1998.07.??"]
[EventType "swiss"]
[EventRounds "9"]
[EventCountry "FRA"]
[SourceTitle "EXT 2000"]
[Source "ChessBase"]
[SourceDate "1999.11.16"]
[SourceVersion "1"]
[SourceVersionDate "1999.11.16"]
[SourceQuality "1"]

1. e4 c6 2. d4 d5 3. Nc3 dxe4 4. Nxe4 Nd7 5. Bd3 Ngf6 6. Ng5 e6 7. N1f3 Be7 8. Qe2 0-0 9. Bd2 h6 10. h4 c5 11. 0-0-0 cxd4 12. Nxd4 Nc5 13. Bc3 Nd5 14. Ne4 Nxc3 15. Nxc3 Nxd3+ 16. Rxd3 Qc7 17. Qg4 a6 18. Rhd1 Rd8 19. Rg3 g6 20. Qe4 Bf6 21. f4 e5 22. Nd5 Rxd5 23. Qxd5 exd4 24. Rxg6+ Bg7 25. Rxg7+ Kxg7 26. Qxd4+ f6 27. Rd3 Bf5 28. Rc3 Qe7 29. Re3 Qf7 30. Qc5 Be6 31. f5 Rc8 32. Qd6 Rc6 33. Rg3+ Kh7 34. fxe6 Rxd6 35. exf7 Rd8 36. Rd3 Rf8 37. Rd7 b5 38. b3 Kg6 39. c4 bxc4 40. bxc4 Kh5 41. c5 Rc8 42. Kd2 1-0

[Event "Syre Memorial op 19th"]
[Site "Issy les Moulineaux"]
[Date "1996.??.??"]
[Round "3"]
[White "San Marco, Jean"]
[Black "Matrand, Arnaud"]
[Result "1-0"]
[WhiteElo "2180"]
[BlackElo "2040"]
[PlyCount "51"]
[EventDate "1996.05.??"]
[EventType "swiss"]
[EventRounds "6"]
[EventCountry "FRA"]
[SourceTitle "EXT 2005"]
[Source "ChessBase"]
[SourceDate "2004.11.15"]
[SourceVersion "1"]
[SourceVersionDate "2004.11.15"]
[SourceQuality "1"]

1. e4 c6 2. d4 d5 3. e5 Bf5 4. Nf3 e6 5. Be2 Nd7 6. 0-0 Ne7 7. c4 dxc4 8. Bxc4 Nd5 9. Nc3 Be7 10. Qe2 0-0 11. Ne4 Rc8 12. Rd1 h6 13. h3 Qc7 14. g4 Bg6 15. g5 h5 16. Ng3 Kh7 17. Nh4 Rh8 18. Nxg6 fxg6 19. Bd3 h4 20. Qe4 Kg8 21. Qg4 hxg3 22. Qxe6+ Kf8 23. Bxg6 Nxe5 24. dxe5 Bc5 25. Rd3 gxf2+ 26. Kf1 1-0